000 002570000a22001210004500
041 0 _aSPA
082 0 4 _aCD 014
110 1 _aZamora Editores Ltda.
245 1 0 _aEnciclopedia autodidáctica : Interactiva
505 0 0 _aGeografia
001 1010
942 _cLGB
999 _c48186
_d48186